Pracovná zmluva a povinnosť zachovávať podnikateľské tajomstvo
Povinnosť mlčanlivosti v zákone o verejnej službe. Vymedzenie predmetu podnikateľského tajomstva v pracovnom poriadku a v pracovnej zmluve. Porušenie povinnosti mlčanlivosti v priebehu trvania pracovného pomeru.
Salvato in:
| Autore principale: | |
|---|---|
| Natura: | Capitolo di libro |
| Lingua: | slovacco |
| Soggetti: | |
| Tags: |
Nessun Tag, puoi essere il primo ad aggiungerne!!
|
MARC
| LEADER | 00000naa a2200000 4500 | ||
|---|---|---|---|
| 001 | r045130 | ||
| 005 | 20230919120602.7 | ||
| 041 | 0 | |a slo | |
| 044 | |a SK | ||
| 245 | 1 | 0 | |a Pracovná zmluva a povinnosť zachovávať podnikateľské tajomstvo |c Helena Barancová |
| 520 | |a Povinnosť mlčanlivosti v zákone o verejnej službe. Vymedzenie predmetu podnikateľského tajomstva v pracovnom poriadku a v pracovnej zmluve. Porušenie povinnosti mlčanlivosti v priebehu trvania pracovného pomeru. | ||
| 610 | 2 | 0 | |a tajomstvo podnikateľské |
| 610 | 2 | 0 | |a zmluvy pracovné |
| 610 | 2 | 0 | |a zákonník práce |
| 610 | 2 | 0 | |a služby verejné |
| 610 | 2 | 0 | |a zamestnanci |
| 610 | 2 | 0 | |a úpravy právne |
| 610 | 2 | 0 | |a Slovensko |
| 100 | 1 | |a Barancová, Helena | |